000 00501nam a22001817a 4500
005 20251108175044.0
008 250721s2012 xx 000 0 ara d
082 1 4 _a612.821/دهب
100 1 _aدهب، مجدي
245 1 0 _aمشاكل النوم و أسراره /
264 1 _aالقاهرة :
_bدار أخبار اليوم،
_c2012.
300 _a129ص.
650 1 7 _aالنوم
650 1 7 _aالارق
650 1 7 _aاضطرابات النوم
942 _2ddc
_cBK
999 _c125057
_d125057